01296nam a2200241Ia 4500001000600000003000900006008004100015040001300056040001300069041001300082100001700095100002900112245003100141245003000172250001100202260001100213260001200224260004900236300004300285500067100328650002400999650003101023 1621IT-RoPAU130308s9999 xx 000 0 und d aIT-RoPAU cIT-RoPAU aITALIANO aMila Massimo gCodice Aut. SPICS: 3761 aBreve storia della musica  bBreve storia della Musica a2a ed. aTORINO bEinaudi c1971 [1° Ed.:1963 - Ed.Ling.Originale:1963] a"470 p. (prefazione: no ; testo: 470)" aMusica Greca Tragedia Musica e Poesia Canto Gregoriano Monodia Profana Medievale Canzone Profana in Latino Trovatori e Trovieri Polifonia Contrappunto Armonia Madrigale Musica Strumentale melodramma Vocalità Opera Oratorio Cantata Musica vocale Bach e Handel Opera Seria e Opera comica concerto Strumentale Musica Violinistica Clavicembalo e pianoforte Haydn e Mozart Beethoven Romanticismo Weber Schubert Mendelssohn Chopin Wagner Rossini Verismo sinfonia Sonata Opera Francese Romanticismo Tedesco Scuole nazionali Musicali Musica Contemporanea Debussy Stravinskij e Il neoclassicismo Hindemith Stockhausen Realismo Socialista Avanguardia Scuola Atonale Viennese aSTORIA DELLA MUSICA eCodice materia Spics: 7008